Savoir général quiz #78 - Statistiques

Statistiques générales
  • Ce quiz a été pris 261 fois
  • Le résultat moyen est 8 sur 20
Statistiques - réponses
question répondre % Correct
Quel navire "insubmersible" a coulé en avril 1912? RMS Titanic
95%
Quel est le nom de la partie colorée de l'œil? L'iris
90%
Dans quel musée trouveriez-vous Vénus de Milo? Musée du Louvre
89%
Quel animal repéré est connu pour son rire? hyène
62%
Quelle mer salée borde la Jordanie et se trouve à 433 mètres sous le niveau de la mer? Mer Morte
59%
Quel musicien a formé un duo de chant avec Art Garfunkel en 1963? Paul Simon
59%
Quel éléphant a été créé par Jean de Brunhoff en 1931? Babar
51%
Quel est le nom de la couche extérieure de la Terre? croûte
41%
Quel est le nom du territoire antarctique français? La Terre-Adélie
39%
L'album Oxygène a été composé par qui? Jean-Michel Jarre
38%
Qu'est-ce qu'une oie jeune appelée? oison
33%
Qui a écrit « Robinson Crusoé »? Daniel Defoe
29%
Qui était le dernier Bourbon roi? Charles X
18%
Quel est l'élément entre l'uranium et le plutonium dans la table périodique? neptunium
12%
Quel livre est sous-titré « Histoire d’un aller et retour » ? Le Hobbit
11%
En 2007, quelle religion l'Allemagne envisageait-elle d'interdire? Scientologie
10%
Qui a peint La femme au chapeau et Nu bleu, Souvenir de Biskra? Henri Matisse
9%
Qui a réalisé la trilogie du film Trois couleurs? Krzysztof Kieślowski
6%
Quel était le nom de plume de Samuel Langhorne Clemens? Mark Twain
6%
Quelle est la plus grande île québécoise du golfe du Saint-Laurent? Île d'Anticosti
5%
Aucun quiz correspondant
Distribution des résultats
% des personnes avec chaque résultat
Percentile par nombre de réponses
Votre historique - résultats
Vous n’avez pas pris ce quiz